00783nam a2200217Ia 4500003000400000005001700004008004100021020001800062040001800080041000800098082002200106100002800128245014900156250001200305260007300317300003000390650006600420650004200486700002100528700001600549OSt20220924100746.0210716s2016 xx 000 0 und d a9789352134366 cAIMIT LIBRARY aeng a005.448 22bHAND aHanks, Douglas Richard. aJuniper mx series :ba practical guide to trio technologies on the mx and the new vmx /cBy Douglas Richard Hanks, Harry Reynolds and David Roy. a2nd ed. aNew Delhi :bShroff Publications and Distributers Pvt Ltd ,c2016 . axxx, 1103p. ;bPBc23 cm. aStateless filters hierarchical policing and tri-color marking aJunos high availability on mx routers aReynolds, Harry. aRoy, David.